000 00939nas a2200265Ia 4500
001 R020/B1009
003 IT-RoPAU
008 151124c99999999xx |||||||||||| ||und||
040 _aIT-RoPAU
040 _cIT-RoPAU
041 _aITALIANO
100 _aMerhaut Vaclav
_gCodice Aut. SPICS: 36875
210 _aGRIFFITHIANA
222 _aGriffithiana
240 _aVISITS OF RUSSIAN ARTISTS IN CZECHOSLOVAKIA
_gCodice Tit. Orig. Spics: B1013
245 _aGRIFFITHIANA, ANNO 12-N.37 (DICEMBRE 1989)
_bArtisti Russi In Cecoslovacchia
250 _a1a ed.
260 _aGEMONA (UDINE)
_bCINETECA DEL FRIULI
_c1989
501 _bPaulus - SPICS - Società San Paolo EM (non-commercial uses only)
_cCopyright2015
300 _a3 p. [99-101]
362 _aANNO 012, N.37 (DICEMBRE 1989)
500 _aArtisti Cineasti Russi in Cecoslovacchia Dopo la Rivoluzione di Ottobre.
650 _aCINEMA
_vPUBBLICAZIONE PERIODICA
942 _cCR
999 _c131383
_d131383